Random Words By Definition #4 - Statistics

General Stats
  • This quiz has been taken 11 times
  • The average score is 6 of 15
Answer Stats
Hint Answer % Correct
(noun)an implement with a handle and a solid surface, usually of wood, used for hitting the ball in games such as baseball, cricket, and table tennis. Bat
100%
(verb)sleep lightly or briefly, especially during the day. Nap
100%
(noun)the female ruler of an independent state, especially one who inherits the position by right of birth. Queen
80%
(verb)go from one place to another, typically over a distance of some length. Travel
80%
(noun)a person whom one knows and with whom one has a bond of mutual affection, typically exclusive of sexual or family relations. Friend
70%
(verb)make or become less tense or anxious. Relax
70%
(adjective)(of a person) in a state of general unhappiness or despondency. Depressed
50%
(adjective)(of an adult) having good qualities associated with a child. Childlike
30%
(adjective)of, producing, or relating to hypnosis. Hypnotic
20%
(adjective)having or showing a lack of common sense or judgment; absurd and foolish. Silly
20%
(adjective)bouncing or causing things to bounce. Bouncy
10%
(adjective)refusing to be persuaded or to change one's mind. Adamant
0%
(adjective)made smaller or less. Diminished
0%
(adjective)having a sensation of whirling and a tendency to fall or stagger; dizzy. Giddy
0%
(adjective)evil or morally wrong. Wicked
0%
No matching quizzes found
Score Distribution
Percent of People with Each Score
Percentile by Number Answered
Your Score History
You have not taken this quiz